Easiest Maths But In 15 Seconds#4 - Statistics

General Stats
  • This quiz has been taken 1,285 times
  • The average score is 12 of 14
Answer Stats
Picture Answer % Correct
3
100%
9
99%
4
98%
1
97%
10
97%
5
95%
6
94%
7
92%
2
87%
12
85%
11
82%
8
79%
13
70%
[(200*10)-1000]*2+18={2018}{Our Today}
12%
No matching quizzes found
Score Distribution
Percent of People with Each Score
Percentile by Number Answered
Your Score History
You have not taken this quiz